Growth and development of a selectively cut hill dipterocarp forest in Peninsular Malaysia

Bibliographic Details
Main Author: TENG
Format: Book
Published: Vancouver, Canada : University of British Columbia , 1996
Subjects:

MARC

LEADER 00000cam a2200000 7i4500
001 0000000347
005 20140405.0
090 0 0 |a R THE583.624095951   |b TEN 1996 
100 1 0 |a TENG   |h Koon Yong 
245 1 0 |a Growth and development of a selectively cut hill dipterocarp forest in Peninsular Malaysia   |c by Teng Koon Yong 
260 0 0 |a Vancouver, Canada :   |b University of British Columbia ,   |c 1996 
300 |a xvii, 184 p. :   |b ill. ;   |c 28 cm. 
500 0 0 |a Bibliography: [p. 120-129] 
500 0 0 |a Master of Forestry - University of British Columbia, Canada, 1996 
650 0 0 |a Dipterocarpaceae   |z Peninsular Malaysia 
998 |a JPSM 
999 |a 0000001520   |b Monograph   |c Reference   |e Default branch